000 00630nam a2200181Ia 4500
008 090124s9999 xx 000 0 und d
082 _b28391
100 _aपारगावकर वि. शं.
245 _a आस्वाद आणि समीक्षा
250 _a1
260 _bप्रतिमा प्रकाशन
_c1989
300 _a133
600 _aपारगावकर वि. शं.
630 _a आस्वाद आणि समीक्षा
700 _aपारगावकर वि. शं.
730 _a आस्वाद आणि समीक्षा
942 _cBOOK
999 _c94653
_d94653